00693 2200253 4500001002100000005001700021008004100038020001800079035002400097082001200121090002200133100002100155245006500176250001100241260003700252300002200289500002600311650003600337850001500373985000600388999001500394999001500409999001500424YOGYA-0209000002945120090227024336.0 ind  a979-514-553-3 0010-020900000029451 a297.215 a297.215bSal PlT aSALIM, H.Hadiyah aPernikahan Rasulallah dengan Ummul mukminincH.Hidayah Salim aCet. 2 aBandungbRemaja Rosdakaryac1997 avi, 67 hlmc18 cm aBibliografi : hlm. 67 aNabi Muhammad SAW - Kepribadian aYOPDYOG(B) a3 a98P0109652 a98P0109653 a98P0109654